Serie Ekklesia / Alfred Küen (Registro nro. 36815)
[ vista simple ]
| 000 -LÍDER | |
|---|---|
| Campo fijo de descripción fija | 007250000a22001810004500 |
| 001 - NÚMERO DE CONTROL | |
| Campo de control | 6546 |
| 020 ## - NÚMERO INTERNACIONAL NORMALIZADO PARA LIBROS | |
| Número Internacional Normalizado del libro | 84-7645-419-8 |
| 041 0# - CÓDIGO DE IDIOMA | |
| Código de idioma para texto/pista de sonido o título separado | |
| 082 04 - NÚMERO DE CLASIFICACIÓN DECIMAL DEWEY | |
| Número de clasificación | G 260 K331e |
| 100 1# - ASIENTO PRINCIPAL--NOMBRE PERSONAL | |
| Nombre personal | Kuen, A. |
| 245 10 - TÍTULO | |
| Título del Material | Serie Ekklesia / Alfred Küen |
| 260 ## - PUBLICACIÓN, DISTRIBUCIÓN, ETC. (PIE DE IMPRENTA) | |
| Lugar de publicación, distribución, etc. | Terrassa, Barcelona, España : CLIE |
| 336 ## - CONTENT TYPE | |
| Content type term | texto |
| Content type code | txt |
| Source | rdacontent |
| 337 ## - MEDIA TYPE | |
| Source | rdamedia |
| Media type term | sin mediación |
| Media type code | n |
| 338 ## - CARRIER TYPE | |
| Source | rdacarrier |
| Carrier type term | volumen |
| Carrier type code | nc |
| 500 ## - NOTA GENERAL | |
| Nota General | v.1 : ¿Por qué la Iglesia? 95 Pag v.2 : La música en la Biblia y en la Iglesia. Pag 147 v.3 : Dones para el servicio. 203 Pag v.4 : Ministerios en la iglesia. 296 Pag v.5 : El culto en la Biblia y en la historia. 301 Pag v.6 : Renovar el culto. 299 Pag v.7 : La mujer en la iglesia. 335 Pag |
| 942 ## - TIPO DE MATERIAL (KOHA) | |
| Tipo de Item KOHA | Libros General |
| Estado de Material | Estado de Perdido | Volumen-Parte/Tomo | Estado de Dañado | No para Préstamo | Colección | Tomo | Biblioteca de Origen | Biblioteca Permanente | Fecha de Adquisición | Total de Préstamos | Signatura Topográfica | Código de Barras | Última vez visto | Ejemplar/Existencia | Fecha de Remplazo | Tipo de Material | Última vez Préstado | Total de Renovaciones |
|---|---|---|---|---|---|---|---|---|---|---|---|---|---|---|---|---|---|---|
| 7 | Colección General | Biblioteca FUSBC | Biblioteca FUSBC | 21/07/2005 | G 260 K331e | 15327 | 11/05/2023 | 1 | 26/01/2016 | Libros General | ||||||||
| 6 | Colección General | Biblioteca FUSBC | Biblioteca FUSBC | 12/01/2000 | 2 | G 260 K331e | 6459 | 26/05/2023 | 1 | 26/01/2016 | Libros General | 17/05/2023 | ||||||
| 5 | Colección General | Biblioteca FUSBC | Biblioteca FUSBC | 04/01/2005 | 5 | G 260 K331e | 6458 | 01/06/2024 | 1 | 26/01/2016 | Libros General | 18/05/2024 | 3 | |||||
| 4 | Colección General | Biblioteca FUSBC | Biblioteca FUSBC | 04/01/2005 | 1 | G 260 K331e | 6457 | 25/10/2023 | 1 | 26/01/2016 | Libros General | 26/07/2018 | ||||||
| 3 | Colección General | Biblioteca FUSBC | Biblioteca FUSBC | 04/01/2005 | G 260 K331e | 5597 | 12/12/2019 | 1 | 26/01/2016 | Libros General | ||||||||
| 2 | Colección General | Biblioteca FUSBC | Biblioteca FUSBC | 04/01/2005 | G 260 K331e | 5596 | 12/12/2019 | 1 | 26/01/2016 | Libros General | ||||||||
| 1 | Colección General | Biblioteca FUSBC | Biblioteca FUSBC | 04/01/2005 | 1 | G 260 K331e | 5595 | 16/03/2020 | 1 | 26/01/2016 | Libros General | 02/03/2020 |
